[Event "Thessaloniki-Chalkidiki-chT"]
[Site "Thessaloniki"]
[Date "2022.03.13"]
[Round "3"]
[White "Nikolaidis, Nikolaos Viktoras"]
[Black "Liamos, Evangelos"]
[Result "0-1"]
[WhiteElo "1006"]
[BlackElo "1193"]
[PlyCount "84"]
[EventDate "2022.02.20"]
[EventType "team-tourn"]
[EventRounds "7"]
[EventCountry "GRE"]
[SourceTitle "EXT 2024"]
[Source "ChessBase"]
[SourceDate "2023.10.10"]
[SourceVersion "1"]
[SourceVersionDate "2023.10.10"]
[SourceQuality "1"]

1. c4 e5 2. Nc3 Nf6 3. g3 d5 4. cxd5 Nxd5 5. Bg2 Be6 6. Qb3 Nb6 7. Qb5+ c6 8. Qxe5 N8d7 9. Qe3 Bd6 10. Ne4 Bc7 11. Nf3 0-0 12. d3 Nd5 13. Qd4 Nb4 14. Qc3 Ba5 15. 0-0 Nxa2 16. Qa3 Nxc1 17. Rfxc1 Bc7 18. Nc5 Nxc5 19. Qxc5 Bb6 20. Qc3 Qd6 21. Ng5 Bg4 22. Ne4 Qg6 23. e3 Bf5 24. Ra3 Rfd8 25. Rd1 Rd7 26. Nc5 Bxc5 27. Qxc5 a6 28. e4 Be6 29. Ra5 Bb3 30. Rd2 Rad8 31. Qc3 Qe6 32. Re5 Qf6 33. d4 Ba4 34. Qa3 Bb5 35. Qa5 h6 36. Rf5 Qd6 37. e5 Qc7 38. Qxc7 Rxc7 39. Rc2 Rxd4 40. Bf3 Rcd7 41. Kg2 Bd3 42. Bd1 Be4+ 0-1

[Event "Thessaloniki-Chalkidiki-chT"]
[Site "Thessaloniki"]
[Date "2022.02.20"]
[Round "1"]
[White "Theodoridis, Georgios St"]
[Black "Liamos, Evangelos"]
[Result "1/2-1/2"]
[WhiteElo "1085"]
[BlackElo "1193"]
[PlyCount "89"]
[EventDate "2022.02.20"]
[EventType "team-tourn"]
[EventRounds "7"]
[EventCountry "GRE"]
[SourceTitle "EXT 2024"]
[Source "ChessBase"]
[SourceDate "2023.10.10"]
[SourceVersion "1"]
[SourceVersionDate "2023.10.10"]
[SourceQuality "1"]

1. e4 e5 2. Nf3 Nc6 3. Nc3 Bc5 4. Bc4 Nge7 5. 0-0 0-0 6. d3 d6 7. h3 Be6 8. Bb3 h6 9. Na4 Bb4 10. d4 exd4 11. Nxd4 Nxd4 12. Qxd4 Nc6 13. Qd1 Qf6 14. Bxe6 fxe6 15. Bd2 Qe5 16. Bxb4 Nxb4 17. Nc3 Rf6 18. Qe2 Raf8 19. a3 Nc6 20. Qb5 Qxb5 21. Nxb5 a6 22. Nc3 Nd4 23. Rac1 c5 24. f3 Rg6 25. Kh1 b5 26. Rf2 Kf7 27. Ne2 Nxe2 28. Rxe2 e5 29. Rd2 Ke7 30. c4 Rc8 31. cxb5 axb5 32. Ra1 Ra8 33. Rc1 Rb8 34. b3 Ra8 35. Ra1 Kd7 36. Rd3 Rf6 37. Kh2 Kc6 38. Rd5 Re6 39. Kg1 Re7 40. Kf2 Rea7 41. Rad1 Rd7 42. Ra1 Rda7 43. Rad1 Rd7 44. Ra1 Rda7 45. Rad1 1/2-1/2

[Event "Thessaloniki/Chalkidiki-chT"]
[Site "Thessaloniki/Chalkidiki"]
[Date "2019.01.13"]
[Round "1.10"]
[White "Liamos, Evangelos"]
[Black "Skodras, Marios Konstantinos"]
[Result "0-1"]
[WhiteElo "1227"]
[BlackElo "1091"]
[PlyCount "96"]
[EventDate "2019.01.13"]
[EventType "team-tourn"]
[EventRounds "9"]
[EventCountry "GRE"]
[SourceTitle "EXT 2020"]
[Source "ChessBase"]
[SourceDate "2019.10.17"]
[SourceVersion "1"]
[SourceVersionDate "2019.10.17"]
[SourceQuality "1"]
[WhiteTeam "Thessaloniki Aris"]
[BlackTeam "Kalamarias ES"]
[WhiteTeamCountry "GRE"]
[BlackTeamCountry "GRE"]

1. e4 e5 2. Nf3 Nc6 3. Bc4 Bc5 4. d3 Nf6 5. c3 d6 6. 0-0 Bg4 7. b4 Bxf3 8. Qxf3 Nxb4 9. cxb4 Bd4 10. Nc3 Bxc3 11. Rb1 h5 12. Be3 b6 13. Rb3 Bd4 14. Bxd4 exd4 15. Rb2 Qc8 16. h3 Rh6 17. Re2 Qb7 18. Bd5 c6 19. Bc4 Kf8 20. e5 Ne8 21. e6 d5 22. exf7 Qxf7 23. Qxf7+ Kxf7 24. Bb3 Re6 25. Rfe1 Rxe2 26. Rxe2 Nc7 27. Kh2 Re8 28. Rxe8 Kxe8 29. Kg3 Kf7 30. Bd1 g6 31. Kf4 Kf6 32. g4 g5+ 33. Kg3 h4+ 34. Kg2 Ke5 35. Kg1 Ne6 36. Bc2 Nf4 37. Kh2 Ne2 38. Kg2 Nc3 39. a3 Kf4 40. Bb3 a5 41. bxa5 bxa5 42. a4 c5 43. Bc2 c4 44. dxc4 dxc4 45. Kf1 d3 46. Bxd3 cxd3 47. Ke1 Nxa4 48. Kd2 Nc5 0-1

[Event "Thessaloniki ESSTH HALK-ch U16 11th"]
[Site "Thessaloniki"]
[Date "2018.11.10"]
[Round "3.3"]
[White "Liamos, Evangelos"]
[Black "Garipis, Marios Ilias"]
[Result "1/2-1/2"]
[WhiteElo "1235"]
[BlackElo "1250"]
[PlyCount "90"]
[EventDate "2018.11.03"]
[EventType "swiss"]
[EventRounds "6"]
[EventCountry "GRE"]
[SourceTitle "EXT 2024"]
[Source "ChessBase"]
[SourceDate "2023.10.10"]
[SourceVersion "1"]
[SourceVersionDate "2023.10.10"]
[SourceQuality "1"]

1. e4 c6 2. d4 d5 3. exd5 cxd5 4. Nc3 Nf6 5. Bf4 a6 6. Nf3 Nc6 7. h3 Bf5 8. Bd3 Bxd3 9. Qxd3 e6 10. 0-0 h6 11. Ne5 Bd6 12. Rfe1 Bxe5 13. Bxe5 Nxe5 14. dxe5 Nd7 15. f4 0-0 16. Kh1 Rc8 17. Ne2 Nc5 18. Qe3 Ne4 19. c3 Qc7 20. Ng3 Nxg3+ 21. Qxg3 Qb6 22. Rab1 Rfd8 23. Qe3 Qxe3 24. Rxe3 d4 25. cxd4 Rxd4 26. Rf3 Rc2 27. Rc3 Rdd2 28. Rxc2 Rxc2 29. Kg1 Kh7 30. Kh2 Kg6 31. Kg3 b5 32. a3 a5 33. Kf3 b4 34. axb4 axb4 35. g4 b3 36. Kg3 f6 37. exf6 Kxf6 38. h4 Kf7 39. Kf3 Ke7 40. h5 Kf6 41. Ke4 Rc4+ 42. Kf3 Rc2 43. Ke4 Rc4+ 44. Kf3 Rc2 45. Ke4 Rc4+ 1/2-1/2

[Event "GRE-ch U10"]
[Site "Achaia"]
[Date "2017.07.02"]
[Round "9"]
[White "Kostelidis, Georgios"]
[Black "Liamos, Evangelos"]
[Result "0-1"]
[WhiteElo "1347"]
[BlackElo "1169"]
[PlyCount "96"]
[EventDate "2017.06.26"]
[EventType "swiss"]
[EventRounds "9"]
[EventCountry "GRE"]
[SourceTitle "EXT 2018"]
[Source "ChessBase"]
[SourceDate "2017.10.13"]
[SourceVersion "1"]
[SourceVersionDate "2017.10.13"]
[SourceQuality "1"]

1. d4 Nf6 2. Bf4 g6 3. e3 Bg7 4. Nf3 0-0 5. h3 d6 6. Be2 Nbd7 7. 0-0 c6 8. c4 e5 9. dxe5 Ne4 10. Qd4 dxe5 11. Nxe5 Nxe5 12. Bxe5 Bxe5 13. Qxe5 Re8 14. Qd4 Qg5 15. h4 Qxh4 16. f3 c5 17. Qd5 Ng3 18. Re1 Bh3 19. gxh3 Qxh3 20. f4 Rxe3 21. Nc3 Rae8 22. Qg2 Qe6 23. Nd5 Rxe2 24. Nc7 Rxg2+ 25. Kxg2 Qc6+ 26. Kxg3 Rxe1 27. Rxe1 Qxc7 28. Re8+ Kg7 29. Re5 Qb6 30. b3 Qa5 31. Re7 Qc3+ 32. Kg4 Qb2 33. Kg3 Qxa2 34. Rxb7 Kf6 35. Rb5 Qb1 36. Kg2 Qe4+ 37. Kg3 Qe3+ 38. Kg4 h5+ 39. Kh4 Qxf4+ 40. Kh3 Qg4+ 41. Kh2 h4 42. Ra5 Qg3+ 43. Kh1 Qe1+ 44. Kh2 Qxa5 45. Kh3 Qe1 46. Kh2 Qg3+ 47. Kh1 h3 48. b4 Qg2# 0-1

[Event "GRE-ch U10"]
[Site "Achaia"]
[Date "2017.06.29"]
[Round "6"]
[White "Despotis, Athanasios"]
[Black "Liamos, Evangelos"]
[Result "1-0"]
[WhiteElo "1248"]
[BlackElo "1169"]
[PlyCount "29"]
[EventDate "2017.06.26"]
[EventType "swiss"]
[EventRounds "9"]
[EventCountry "GRE"]
[SourceTitle "EXT 2018"]
[Source "ChessBase"]
[SourceDate "2017.10.13"]
[SourceVersion "1"]
[SourceVersionDate "2017.10.13"]
[SourceQuality "1"]

1. c4 e5 2. Nc3 Nf6 3. g3 b6 4. Bg2 Nc6 5. Nf3 Bb7 6. Nxe5 Nxe5 7. Bxb7 Rb8 8. Bg2 Nxc4 9. d3 Ne5 10. Bf4 Ng6 11. Bg5 Bb4 12. 0-0 Bxc3 13. bxc3 0-0 14. Re1 h6 15. Bd2 1-0